Κατάλογος Βιβλιοθηκών Mediterranean College

Διδακτική Φυσικών Επιστημών (Record no. 4335)

MARC details
000 -LEADER
fixed length control field 01790cam a22001814a 4500
005 - ΗΜΕΡΟΜΗΝΙΑ ΚΑΙ ΩΡΑ ΤΕΛΕΥΤΑΙΑΣ ΕΝΗΜΕΡΩΣΗΣ
Πεδίο ελέγχου 20250605164143.0
008 - FIXED-LENGTH DATA ELEMENTS--GENERAL INFORMATION
Πεδίο ελέγχου σταθερού μήκους 250528s ||||||||||||||||||||||||d
035 ## - SYSTEM CONTROL NUMBER
System control number 19051
040 ## - ΠΗΓΗ ΚΑΤΑΛΟΓΟΓΡΑΦΗΣΗΣ
Φορέας πρωτότυπης καταλογογράφησης MC Athens Campus Library
Γλώσσα καταλογογράφησης Ελληνικά, Μοντέρνα (1453-)
Modifying agency MC Athens Campus Library
Κανόνες περιγραφικής καταλογογράφησης AACR2
245 1# - ΤΙΤΛΟΣ ΚΑΙ ΔΗΛΩΣΗ ΥΠΕΥΘΥΝΟΤΗΤΑΣ
Τίτλος Διδακτική Φυσικών Επιστημών
260 ## - PUBLICATION, DISTRIBUTION, ETC.
Name of publisher, distributor, etc. Ίων,
Date of publication, distribution, etc. 1987
300 ## - PHYSICAL DESCRIPTION
Extent 168
520 ## - SUMMARY, ETC.
Summary, etc. Εισαγωγή, Διατύπωση Αντικειμενικών Σκοπών του Μαθήματος, Προέλεγχος, Προγραμματισμός της Διδασκαλίας για τα Μαθήματα των Φυσικών Επιστημών, Μέθοδοι Διδασκαλίας των Φυσικών Επιστημών, Η Αποτελεσματικότητα της Αλληλεπίδρασης και Αυτενέργειας στη Μάθηση, Εποπτικά Μέσα και Πηγές για τη Διδασκαλία των Φυσικών Επιστημών, Η Χρήση των Υπολογιστών στην Εκπαίδευση των Μαθητών, Προγραμματισμός και Οργάνωση του Μαθήματος, Αξιολόγηση της Επίδοσης των Μαθητών, Συμπεράσματα, Το Αναλυτικό Πρόγραμμα των Φυσικών Επιστημών στα Σχολεία, Πρόγραμμα για την Εκπαίδευση Δασκάλων των Φυσικών Επιστημών στα Πανεπιστήμια, Πρακτική Άσκηση Διδασκαλίας για την Προετοιμασία των Δασκάλων των Φυσικών Επιστημών, Πειθαρχία και Διοίκηση της Τάξης.
700 1# - ΠΡΟΣΘΕΤΗ ΑΝΑΓΡΑΦΗ--ΦΥΣΙΚΟ ΠΡΟΣΩΠΟ
Personal name Ζαβλανός Μύρων Μ
9 (RLIN) 1038
942 ## - ADDED ENTRY ELEMENTS (KOHA)
Koha item type Books
Holdings
Τύπος τεκμηρίου Βιβλιοθήκη Τρέχουσα τοποθεσία Barcode Αριθμός εισαγωγής Ημερομηνία απόκτησης Ταξιθετικό σύμβολο Αριθμός αντιτύπου Κατάσταση απόσυρσης Κατάσταση χαμένου Κατάσταση κατεστραμμένου Μη δανεισμός Σύνολο δανεισμών Ημερομηνία τελευταίας εμφάνισης Η τιμή ισχύει από
Books MC Athens Campus Library MC Athens Campus Library 9780000043344 3988 05/06/2025 507.1 ZAV 1           05/06/2025 05/06/2025

MC Athens Campus Library
Πατησίων 94 & Κοδριγκτώνος 13, 104 34
Πελλήνης 8 & Πατησίων 107, 112 51
Τ: +30 210 8899600

MC Thessaloniki Campus Library
Ίωνος Δραγούμη 21, 54625 | Ίωνος Δραγούμη 15, 54625
Τ: +30 2310 287779 – Τ: +30 2314 440300